000 00822nam a2200253Ia 4500
003 OSt
005 20221005075305.0
006 a|||||r|||| 00| 0
007 ta
008 221004b |||||||| |||| 00| 0 urd d
020 _a8180420760 (hbk)
_c150
024 _a119756
037 _bMPH/6075/3, 14/02/2012, Modern Publishing House
_cTextual
040 _aCRL
_cCRL
_burd
041 _2urd
_aurd
082 _aV2317.J9, 168P6
100 _aAhmad Qazi Mushtaq Au.
245 0 _aKhandesh
_b tareekhi, tehzeebi, adbi mutala
260 _aNew Delhi
_bModern Publishing House Inida
_c2006
300 _a144p.
_ccm.
650 _aKHANDESH - HISTORY
_9609528
942 _hV2317.J9, 168P6
_cTEXL
_2cc
999 _c984307
_d984307